[Event "Team Championship Russia (Blitz, Men)"]
[Site "Sochi"]
[Date "2018.10.10"]
[Round "9.30"]
[White "Linker, Mikhail"]
[Black "Vastrukhin, Oleg"]
[Result "1-0"]
[BlackElo "2535"]
[WhiteElo "2195"]
[LiveChessVersion "1.4.8"]

1. d4 {[%clk 0:03:02]} g6 {[%clk 0:03:03]} 2. c4 {[%clk 0:03:03]} Bg7
{[%clk 0:03:05]} 3. Nf3 {[%clk 0:03:04]} d6 {[%clk 0:03:06]} 4. Nc3
{[%clk 0:03:03]} e5 {[%clk 0:03:06]} 5. e4 {[%clk 0:03:04]} Nc6 {[%clk 0:03:07]}
6. Be3 {[%clk 0:03:04]} Nh6 {[%clk 0:03:08]} 7. h3 {[%clk 0:03:04]} f5
{[%clk 0:03:07]} 8. dxe5 {[%clk 0:02:59]} dxe5 {[%clk 0:02:14]} 9. Qxd8+
{[%clk 0:02:58]} Kxd8 {[%clk 0:02:15]} 10. O-O-O+ {[%clk 0:02:59]} Bd7
{[%clk 0:02:16]} 11. c5 {[%clk 0:02:30]} f4 {[%clk 0:02:11]} 12. Bd2
{[%clk 0:02:32]} Bf8 {[%clk 0:01:55]} 13. Bb5 {[%clk 0:02:24]} Nf7
{[%clk 0:01:27]} 14. Na4 {[%clk 0:02:05]} Ke8 {[%clk 0:01:22]} 15. Bc3
{[%clk 0:01:54]} Be6 {[%clk 0:01:13]} 16. Bxc6+ {[%clk 0:01:49]} bxc6
{[%clk 0:01:14]} 17. b3 {[%clk 0:01:49]} Bg7 {[%clk 0:01:14]} 18. Ba5
{[%clk 0:01:50]} Rc8 {[%clk 0:01:14]} 19. Rd3 {[%clk 0:01:44]} Ke7
{[%clk 0:01:15]} 20. Rhd1 {[%clk 0:01:46]} Rhd8 {[%clk 0:01:17]} 21. Nb2
{[%clk 0:01:21]} g5 {[%clk 0:01:02]} 22. Rxd8 {[%clk 0:01:06]} Nxd8
{[%clk 0:01:03]} 23. Bc3 {[%clk 0:01:07]} Nf7 {[%clk 0:00:58]} 24. Nd3
{[%clk 0:01:08]} g4 {[%clk 0:00:59]} 25. Nfxe5 {[%clk 0:01:06]} Nxe5
{[%clk 0:00:58]} 26. Bxe5 {[%clk 0:00:56]} Bxe5 {[%clk 0:00:49]} 27. Nxe5
{[%clk 0:00:57]} gxh3 {[%clk 0:00:45]} 28. gxh3 {[%clk 0:00:58]} Bxh3
{[%clk 0:00:46]} 29. Nxc6+ {[%clk 0:00:58]} Ke6 {[%clk 0:00:43]} 30. Rh1
{[%clk 0:00:58]} Bg2 {[%clk 0:00:45]} 31. Rh6+ {[%clk 0:00:58]} Kf7
{[%clk 0:00:27]} 32. Rxh7+ Kg6 33. Re7 {[%clk 0:01:00]} Kf6 {[%clk 0:00:30]} 34.
e5+ {[%clk 0:01:00]} Kf5 {[%clk 0:00:27]} 35. Nd4+ {[%clk 0:01:01]} Kg6
{[%clk 0:00:28]} 36. e6 {[%clk 0:00:57]} a6 {[%clk 0:00:27]} 37. Rf7
{[%clk 0:00:55]} Kg5 {[%clk 0:00:20]} 38. e7 {[%clk 0:00:53]} Re8
{[%clk 0:00:22]} 39. Ne6+ {[%clk 0:00:54]} Kg6 {[%clk 0:00:23]} 40. Rxf4
{[%clk 0:00:51]} Rxe7 {[%clk 0:00:24]} 41. Rg4+ {[%clk 0:00:41]} Kf5
{[%clk 0:00:23]} 42. Rxg2 {[%clk 0:00:42]} Rxe6 {[%clk 0:00:24]} 43. Rg7
{[%clk 0:00:40]} c6 {[%clk 0:00:07]} 44. Ra7 {[%clk 0:00:36]} Ke4
{[%clk 0:00:09]} 45. Rxa6 {[%clk 0:00:34]} Kd4 {[%clk 0:00:10]} 46. Ra4+
{[%clk 0:00:33]} Kxc5 {[%clk 0:00:11]} 47. Rc4+ {[%clk 0:00:34]} Kb5
{[%clk 0:00:11]} 48. f4 {[%clk 0:00:33]} Re2 {[%clk 0:00:12]} 49. Rc2
{[%clk 0:00:31]} Re1+ {[%clk 0:00:13]} 50. Kd2 {[%clk 0:00:31]} Rf1
{[%clk 0:00:14]} 51. Ke3 {[%clk 0:00:32]} c5 {[%clk 0:00:13]} 52. Rf2
{[%clk 0:00:34]} Re1+ {[%clk 0:00:13]} 53. Kd3 {[%clk 0:00:31]} Rd1+
{[%clk 0:00:09]} 54. Kc3 {[%clk 0:00:31]} Rd6 {[%clk 0:00:07]} 55. f5
{[%clk 0:00:33]} Rf6 {[%clk 0:00:08]} 56. Rf4 {[%clk 0:00:34]} Kc6
{[%clk 0:00:09]} 57. Kc4 Kd6 {[%clk 0:00:11]} 58. Rf1 {[%clk 0:00:37]} Kc6
{[%clk 0:00:11]} 59. a4 {[%clk 0:00:38]} Kb6 {[%clk 0:00:12]} 60. a5+
{[%clk 0:00:38]} Kc6 {[%clk 0:00:09]} 61. a6 {[%clk 0:00:37]} Kb6
{[%clk 0:00:11]} 62. a7 {[%clk 0:00:36]} Rf8 {[%clk 0:00:12]} 63. f6
{[%clk 0:00:34]} 1-0

[Event "Team Championship Russia (Blitz, Men)"]
[Site "Sochi"]
[Date "2018.10.10"]
[Round "9.31"]
[White "Lugovskoy, Maxim"]
[Black "Alexeev, Alexey"]
[Result "1-0"]
[BlackElo "2363"]
[WhiteElo "2436"]
[LiveChessVersion "1.4.8"]

1. d4 {[%clk 0:03:01]} Nf6 {[%clk 0:03:01]} 2. Nc3 {[%clk 0:03:02]} d5
{[%clk 0:03:02]} 3. Bf4 {[%clk 0:03:03]} g6 {[%clk 0:02:58]} 4. Qd2
{[%clk 0:03:02]} Bg7 {[%clk 0:02:59]} 5. Bh6 {[%clk 0:03:03]} O-O
{[%clk 0:03:00]} 6. Bxg7 {[%clk 0:03:04]} Kxg7 {[%clk 0:03:01]} 7. h4
{[%clk 0:03:05]} c5 {[%clk 0:02:46]} 8. h5 {[%clk 0:03:01]} cxd4 {[%clk 0:02:43]}
9. Qxd4 {[%clk 0:02:56]} Nc6 {[%clk 0:02:39]} 10. Qh4 {[%clk 0:02:56]} Kg8
{[%clk 0:02:29]} 11. O-O-O {[%clk 0:02:53]} gxh5 {[%clk 0:02:01]} 12. Nxd5
{[%clk 0:02:53]} Qd6 {[%clk 0:01:47]} 13. Nxf6+ {[%clk 0:02:23]} Qxf6
{[%clk 0:01:47]} 14. Qxf6 {[%clk 0:02:24]} exf6 {[%clk 0:01:48]} 15. Rxh5
{[%clk 0:02:24]} Be6 {[%clk 0:01:40]} 16. e3 {[%clk 0:02:23]} Rfd8
{[%clk 0:01:39]} 17. Rxd8+ {[%clk 0:02:24]} Rxd8 {[%clk 0:01:40]} 18. Bd3
{[%clk 0:02:24]} Nb4 {[%clk 0:01:36]} 19. Nf3 {[%clk 0:02:02]} Nxd3+
{[%clk 0:01:22]} 20. cxd3 {[%clk 0:02:04]} Bg4 {[%clk 0:01:22]} 21. Rb5
{[%clk 0:01:57]} Bxf3 {[%clk 0:01:23]} 22. gxf3 {[%clk 0:01:58]} b6
{[%clk 0:01:20]} 23. d4 {[%clk 0:01:58]} Kg7 {[%clk 0:01:20]} 24. Kd2
{[%clk 0:01:58]} Kg6 {[%clk 0:01:21]} 25. f4 {[%clk 0:01:55]} h5 {[%clk 0:01:22]}
26. Ke2 {[%clk 0:01:57]} Rc8 {[%clk 0:01:21]} 27. Kf3 {[%clk 0:01:57]} Rc2
{[%clk 0:01:20]} 28. a4 {[%clk 0:01:59]} h4 {[%clk 0:01:19]} 29. Kg4
{[%clk 0:01:58]} Rxf2 {[%clk 0:01:08]} 30. Kxh4 {[%clk 0:02:00]} Rf3
{[%clk 0:01:00]} 31. Rb3 {[%clk 0:01:49]} f5 {[%clk 0:00:48]} 32. d5
{[%clk 0:01:47]} Kf6 {[%clk 0:00:47]} 33. d6 {[%clk 0:01:48]} Ke6
{[%clk 0:00:47]} 34. Rd3 {[%clk 0:01:50]} Kd7 {[%clk 0:00:49]} 35. Kg5
{[%clk 0:01:51]} Rf2 {[%clk 0:00:48]} 36. b3 {[%clk 0:01:52]} Rh2
{[%clk 0:00:29]} 37. Kxf5 {[%clk 0:01:53]} Rh6 {[%clk 0:00:29]} 38. e4
{[%clk 0:01:54]} a6 {[%clk 0:00:25]} 39. e5 {[%clk 0:01:55]} b5 {[%clk 0:00:17]}
40. axb5 {[%clk 0:01:56]} axb5 {[%clk 0:00:18]} 41. Rd5 {[%clk 0:01:58]} Rh5+
{[%clk 0:00:14]} 42. Ke4 1-0

[Event "Team Championship Russia (Blitz, Men)"]
[Site "Sochi"]
[Date "2018.10.10"]
[Round "9.34"]
[White "Tatarintsev, Egor"]
[Black "Chekhov, Sergei"]
[Result "0-1"]
[BlackElo "2391"]
[WhiteElo "1922"]
[LiveChessVersion "1.4.8"]

1. e4 {[%clk 0:03:02]} c5 {[%clk 0:03:04]} 2. c3 {[%clk 0:03:03]} e6
{[%clk 0:03:05]} 3. Nf3 {[%clk 0:03:02]} Nf6 {[%clk 0:03:05]} 4. e5
{[%clk 0:03:03]} Nd5 {[%clk 0:03:06]} 5. d4 {[%clk 0:03:04]} cxd4
{[%clk 0:03:07]} 6. cxd4 {[%clk 0:03:06]} d6 {[%clk 0:03:08]} 7. Bc4
{[%clk 0:03:04]} Nb6 {[%clk 0:03:08]} 8. Bb5+ {[%clk 0:03:03]} Bd7
{[%clk 0:03:07]} 9. Bxd7+ {[%clk 0:03:02]} N8xd7 {[%clk 0:03:07]} 10. O-O
{[%clk 0:02:53]} dxe5 {[%clk 0:03:08]} 11. dxe5 {[%clk 0:02:49]} Nc5
{[%clk 0:03:10]} 12. Nc3 {[%clk 0:02:46]} Be7 {[%clk 0:03:07]} 13. Be3
{[%clk 0:02:43]} O-O {[%clk 0:02:47]} 14. Qe2 {[%clk 0:02:40]} Qd3
{[%clk 0:02:37]} 15. Rac1 {[%clk 0:02:05]} Qxe2 {[%clk 0:02:15]} 16. Nxe2
{[%clk 0:02:06]} Rac8 {[%clk 0:02:16]} 17. Rfd1 {[%clk 0:02:02]} Nd5
{[%clk 0:02:11]} 18. Bd4 {[%clk 0:01:40]} Rfd8 {[%clk 0:02:10]} 19. Nc3
{[%clk 0:01:41]} Nxc3 {[%clk 0:01:51]} 20. Bxc3 {[%clk 0:01:42]} Nd3
{[%clk 0:01:41]} 21. Rc2 {[%clk 0:01:19]} Nb4 {[%clk 0:01:41]} 22. Rcd2
{[%clk 0:01:05]} Rxd2 {[%clk 0:01:41]} 23. Rxd2 {[%clk 0:00:56]} Nd5
{[%clk 0:01:43]} 24. Kf1 {[%clk 0:00:38]} Kf8 {[%clk 0:01:37]} 25. Bd4
{[%clk 0:00:32]} a6 {[%clk 0:01:32]} 26. g3 {[%clk 0:00:33]} Ke8 {[%clk 0:01:30]}
27. Ke2 {[%clk 0:00:34]} Bb4 {[%clk 0:01:25]} 28. Rd1 {[%clk 0:00:23]} Rc2+
{[%clk 0:01:10]} 29. Kd3 {[%clk 0:00:21]} Rc6 {[%clk 0:01:10]} 30. a3
{[%clk 0:00:20]} Be7 {[%clk 0:01:10]} 31. Rd2 {[%clk 0:00:18]} Kd7
{[%clk 0:00:56]} 32. Rc2 {[%clk 0:00:20]} Rxc2 {[%clk 0:00:57]} 33. Kxc2
{[%clk 0:00:21]} Kc6 {[%clk 0:00:58]} 34. Nd2 {[%clk 0:00:12]} Nc7
{[%clk 0:00:37]} 35. Bc3 {[%clk 0:00:09]} Nb5 {[%clk 0:00:34]} 36. Ne4
{[%clk 0:00:10]} Kd5 {[%clk 0:00:31]} 37. f3 {[%clk 0:00:07]} Nxc3
{[%clk 0:00:30]} 38. Kxc3 {[%clk 0:00:08]} Kxe5 {[%clk 0:00:31]} 39. Kd3
{[%clk 0:00:10]} f5 {[%clk 0:00:30]} 40. Nd2 {[%clk 0:00:10]} Kd5
{[%clk 0:00:29]} 41. Nc4 {[%clk 0:00:07]} Bc5 {[%clk 0:00:30]} 42. h3
{[%clk 0:00:06]} e5 {[%clk 0:00:30]} 43. Nd2 {[%clk 0:00:05]} g6 {[%clk 0:00:30]}
44. g4 {[%clk 0:00:06]} b5 {[%clk 0:00:30]} 45. gxf5 {[%clk 0:00:05]} gxf5 46. h4
h5 {[%clk 0:00:32]} 47. Ke2 {[%clk 0:00:06]} Be7 {[%clk 0:00:32]} 48. Nb1
{[%clk 0:00:06]} Bxh4 49. Nc3+ Kc4 {[%clk 0:00:33]} 50. Kd2 {[%clk 0:00:06]} Bg5+
{[%clk 0:00:34]} 51. Kc2 {[%clk 0:00:06]} h4 {[%clk 0:00:35]} 52. Ne2
{[%clk 0:00:05]} h3 {[%clk 0:00:32]} 53. Ng3 {[%clk 0:00:06]} h2 {[%clk 0:00:33]}
54. Nh1 {[%clk 0:00:04]} Bh4 {[%clk 0:00:34]} 0-1

[Event "Team Championship Russia (Blitz, Men)"]
[Site "Sochi"]
[Date "2018.10.10"]
[Round "9.35"]
[White "Okun, Evgeny"]
[Black "Popov, Maksim"]
[Result "1-0"]
[BlackElo "1570"]
[WhiteElo "2197"]
[LiveChessVersion "1.4.8"]

1. e4 {[%clk 0:03:03]} c5 {[%clk 0:03:03]} 2. Nf3 {[%clk 0:03:04]} Nc6
{[%clk 0:03:04]} 3. g3 {[%clk 0:03:01]} g6 {[%clk 0:03:03]} 4. d4
{[%clk 0:03:01]} cxd4 {[%clk 0:03:03]} 5. Nxd4 {[%clk 0:03:02]} Bg7
{[%clk 0:03:04]} 6. Ne2 {[%clk 0:03:03]} d6 {[%clk 0:02:54]} 7. Bg2
{[%clk 0:03:02]} Nf6 {[%clk 0:02:46]} 8. Nbc3 {[%clk 0:03:03]} O-O
{[%clk 0:02:46]} 9. O-O {[%clk 0:03:04]} Nd7 {[%clk 0:02:36]} 10. Nd5
{[%clk 0:02:52]} Nc5 {[%clk 0:02:25]} 11. c3 {[%clk 0:02:23]} Bg4
{[%clk 0:01:57]} 12. h3 {[%clk 0:02:19]} Bxe2 {[%clk 0:01:22]} 13. Qxe2
{[%clk 0:02:20]} e6 {[%clk 0:01:22]} 14. Nf4 {[%clk 0:02:04]} Qe7
{[%clk 0:01:20]} 15. Be3 {[%clk 0:01:46]} Rfd8 {[%clk 0:01:08]} 16. Rfd1
{[%clk 0:01:45]} Rac8 {[%clk 0:00:58]} 17. h4 {[%clk 0:01:45]} Ne5
{[%clk 0:00:41]} 18. b3 {[%clk 0:01:37]} a6 {[%clk 0:00:29]} 19. c4
{[%clk 0:01:35]} Nc6 {[%clk 0:00:30]} 20. Rac1 {[%clk 0:01:35]} Ne5
{[%clk 0:00:19]} 21. Bd4 {[%clk 0:01:22]} Ncd7 {[%clk 0:00:20]} 22. a4
{[%clk 0:00:59]} Nc6 {[%clk 0:00:22]} 23. Bxg7 {[%clk 0:00:59]} Kxg7
{[%clk 0:00:23]} 24. Qb2+ {[%clk 0:00:57]} Kg8 {[%clk 0:00:23]} 25. h5
{[%clk 0:00:51]} g5 {[%clk 0:00:14]} 26. Ne2 {[%clk 0:00:43]} Qf6
{[%clk 0:00:15]} 27. Qa3 {[%clk 0:00:25]} Nc5 {[%clk 0:00:12]} 28. b4
{[%clk 0:00:24]} Nd7 {[%clk 0:00:13]} 29. Rxd6 Nde5 30. c5 {[%clk 0:00:18]} g4
{[%clk 0:00:15]} 31. Nf4 b5 {[%clk 0:00:10]} 32. axb5 axb5 33. Rcd1
{[%clk 0:00:11]} Nc4 {[%clk 0:00:12]} 34. Rxd8+ {[%clk 0:00:11]} Rxd8
{[%clk 0:00:13]} 35. Rxd8+ {[%clk 0:00:11]} Qxd8 {[%clk 0:00:14]} 36. Qc3
{[%clk 0:00:10]} Qd1+ {[%clk 0:00:15]} 37. Kh2 {[%clk 0:00:12]} N6e5
{[%clk 0:00:14]} 38. h6 {[%clk 0:00:11]} Kf8 {[%clk 0:00:10]} 39. Nh5
{[%clk 0:00:11]} Ke7 {[%clk 0:00:12]} 40. Nf4 {[%clk 0:00:10]} Qb1
{[%clk 0:00:09]} 41. Qd4 {[%clk 0:00:09]} Qxb4 {[%clk 0:00:07]} 42. c6
{[%clk 0:00:10]} Qd6 {[%clk 0:00:08]} 43. Qa7+ {[%clk 0:00:10]} Kf6
{[%clk 0:00:08]} 44. c7 {[%clk 0:00:11]} Nb6 {[%clk 0:00:07]} 45. Qxb6
{[%clk 0:00:10]} Qxb6 {[%clk 0:00:07]} 46. c8=Q {[%clk 0:00:11]} Qxf2
{[%clk 0:00:09]} 47. Qh8+ {[%clk 0:00:11]} Ke7 {[%clk 0:00:05]} 48. Qxe5
{[%clk 0:00:12]} Qb6 {[%clk 0:00:05]} 49. Qg5+ {[%clk 0:00:12]} Kd7
{[%clk 0:00:06]} 50. Qg7 {[%clk 0:00:13]} Ke7 {[%clk 0:00:08]} 51. Qxh7 b4 52.
Qg7 {[%clk 0:00:12]} b3 {[%clk 0:00:10]} 53. Qg5+ {[%clk 0:00:12]} Kd7
{[%clk 0:00:10]} 54. Nd3 {[%clk 0:00:07]} Qb8 {[%clk 0:00:03]} 55. h7
{[%clk 0:00:05]} Qc8 {[%clk 0:00:04]} 56. Qb5+ {[%clk 0:00:05]} Ke7
{[%clk 0:00:05]} 57. Qb4+ {[%clk 0:00:06]} Kf6 {[%clk 0:00:06]} 58. Qxb3
{[%clk 0:00:06]} Qh8 {[%clk 0:00:07]} 59. Qb2+ 1-0

[Event "Team Championship Russia (Blitz, Men)"]
[Site "Sochi"]
[Date "2018.10.10"]
[Round "10.1"]
[White "Rakhmanov, Aleksandr"]
[Black "Dubov, Daniil"]
[Result "0-1"]
[BlackElo "2706"]
[WhiteElo "2578"]
[LiveChessVersion "1.4.8"]

1. d4 {[%clk 0:02:55]} Nf6 {[%clk 0:03:01]} 2. Nf3 {[%clk 0:02:56]} c5
{[%clk 0:03:01]} 3. c3 {[%clk 0:02:57]} d5 {[%clk 0:03:01]} 4. Bf4
{[%clk 0:02:56]} cxd4 {[%clk 0:03:02]} 5. cxd4 {[%clk 0:02:57]} Qb6
{[%clk 0:03:03]} 6. Qb3 {[%clk 0:02:53]} Nc6 {[%clk 0:02:36]} 7. Nc3
{[%clk 0:02:42]} Qxb3 {[%clk 0:02:27]} 8. axb3 {[%clk 0:02:43]} e6
{[%clk 0:02:28]} 9. e3 {[%clk 0:02:43]} Bb4 {[%clk 0:02:04]} 10. Bb5
{[%clk 0:02:30]} Bd7 {[%clk 0:02:00]} 11. Ke2 {[%clk 0:02:21]} Nh5
{[%clk 0:01:50]} 12. Bg3 {[%clk 0:02:16]} Nxg3+ {[%clk 0:01:49]} 13. hxg3
{[%clk 0:02:17]} Ke7 {[%clk 0:01:46]} 14. Bd3 {[%clk 0:02:03]} h6
{[%clk 0:01:39]} 15. g4 {[%clk 0:02:03]} Rac8 {[%clk 0:01:31]} 16. Na2
{[%clk 0:01:56]} Bd6 {[%clk 0:01:30]} 17. Nc3 {[%clk 0:01:53]} Bb4
{[%clk 0:01:30]} 18. Na2 {[%clk 0:01:54]} Bd6 {[%clk 0:01:31]} 19. Nc3
{[%clk 0:01:55]} a6 {[%clk 0:01:31]} 20. Ne1 {[%clk 0:01:43]} Nb4
{[%clk 0:01:26]} 21. Bb1 {[%clk 0:01:44]} e5 {[%clk 0:01:22]} 22. f3
{[%clk 0:01:38]} exd4 {[%clk 0:01:19]} 23. exd4 {[%clk 0:01:39]} Rhe8
{[%clk 0:01:19]} 24. Nd3 {[%clk 0:01:36]} Nc6 {[%clk 0:01:01]} 25. Nxd5+
{[%clk 0:01:32]} Kf8+ {[%clk 0:01:02]} 26. Kf2 {[%clk 0:01:12]} Nxd4
{[%clk 0:01:03]} 27. g5 {[%clk 0:01:13]} Re2+ {[%clk 0:00:43]} 28. Kf1
{[%clk 0:01:13]} Bg3 {[%clk 0:00:43]} 29. Nc3 {[%clk 0:00:50]} Rxb2
{[%clk 0:00:27]} 30. Nxb2 {[%clk 0:00:45]} Rxc3 {[%clk 0:00:28]} 31. Bd3
{[%clk 0:00:35]} Rxb3 {[%clk 0:00:29]} 32. gxh6 {[%clk 0:00:32]} gxh6
{[%clk 0:00:29]} 33. Rb1 {[%clk 0:00:14]} Kg7 {[%clk 0:00:30]} 34. Rh5
{[%clk 0:00:14]} f5 {[%clk 0:00:29]} 35. Rh3 {[%clk 0:00:14]} Be5
{[%clk 0:00:23]} 36. Nc4 {[%clk 0:00:14]} Rxd3 {[%clk 0:00:13]} 37. Nxe5
{[%clk 0:00:15]} Bb5 {[%clk 0:00:14]} 38. Kg1 {[%clk 0:00:08]} Re3
{[%clk 0:00:15]} 39. f4 {[%clk 0:00:06]} Ne2+ {[%clk 0:00:14]} 40. Kf2
{[%clk 0:00:06]} Rxh3 41. gxh3 Nxf4 {[%clk 0:00:15]} 42. h4 Kf6 43. Nf3
{[%clk 0:00:10]} Ne6 {[%clk 0:00:12]} 44. Ke3 {[%clk 0:00:07]} f4+
{[%clk 0:00:12]} 45. Kf2 {[%clk 0:00:08]} Bc6 {[%clk 0:00:11]} 46. Nd2
{[%clk 0:00:08]} a5 {[%clk 0:00:09]} 47. Nc4 {[%clk 0:00:08]} a4 {[%clk 0:00:10]}
48. Na5 {[%clk 0:00:10]} Bd5 {[%clk 0:00:07]} 49. Nxb7 a3 50. Nd6
{[%clk 0:00:06]} a2 {[%clk 0:00:09]} 51. Rd1 {[%clk 0:00:04]} Nd4
{[%clk 0:00:09]} 52. Rc1 {[%clk 0:00:00]} 0-1

[Event "Team Championship Russia (Blitz, Men)"]
[Site "Sochi"]
[Date "2018.10.10"]
[Round "10.2"]
[White "Morozevich, Alexander"]
[Black "Rozum, Ivan"]
[Result "1-0"]
[BlackElo "2595"]
[WhiteElo "2677"]
[LiveChessVersion "1.4.8"]

1. e4 {[%clk 0:03:02]} d5 {[%clk 0:03:01]} 2. exd5 {[%clk 0:03:02]} Qxd5
{[%clk 0:03:02]} 3. Nf3 {[%clk 0:03:03]} g6 {[%clk 0:02:53]} 4. d4
{[%clk 0:03:01]} Bg7 {[%clk 0:02:54]} 5. c4 {[%clk 0:02:41]} Qd8 {[%clk 0:02:52]}
6. h3 {[%clk 0:02:34]} c6 {[%clk 0:02:44]} 7. Nc3 {[%clk 0:02:35]} Nh6
{[%clk 0:02:29]} 8. g4 {[%clk 0:02:20]} f5 {[%clk 0:02:29]} 9. Ne5
{[%clk 0:02:07]} Nd7 {[%clk 0:02:15]} 10. g5 {[%clk 0:01:51]} Nf7
{[%clk 0:02:09]} 11. Nxf7 {[%clk 0:01:51]} Kxf7 {[%clk 0:02:09]} 12. Be3
{[%clk 0:01:15]} Re8 {[%clk 0:02:10]} 13. f4 {[%clk 0:01:14]} c5 {[%clk 0:01:35]}
14. dxc5 {[%clk 0:01:06]} e5 {[%clk 0:01:16]} 15. Qd5+ {[%clk 0:01:07]} Kf8
{[%clk 0:01:17]} 16. O-O-O {[%clk 0:01:08]} Qe7 {[%clk 0:01:17]} 17. h4
{[%clk 0:01:02]} h5 {[%clk 0:01:06]} 18. Rh2 {[%clk 0:00:54]} exf4
{[%clk 0:00:52]} 19. Bxf4 {[%clk 0:00:55]} Be5 {[%clk 0:00:53]} 20. Bxe5
{[%clk 0:00:52]} Qxe5 {[%clk 0:00:53]} 21. Re2 {[%clk 0:00:44]} Qxd5
{[%clk 0:00:45]} 22. Rxe8+ {[%clk 0:00:45]} Kxe8 {[%clk 0:00:46]} 23. Nxd5
{[%clk 0:00:45]} Kf7 {[%clk 0:00:37]} 24. b4 {[%clk 0:00:29]} a5 {[%clk 0:00:37]}
25. b5 {[%clk 0:00:31]} Nxc5 {[%clk 0:00:35]} 26. Nb6 {[%clk 0:00:32]} Rb8
{[%clk 0:00:30]} 27. Rd8 {[%clk 0:00:33]} Ke6 {[%clk 0:00:06]} 28. Rxc8
{[%clk 0:00:33]} Rxc8 {[%clk 0:00:07]} 29. Nxc8 {[%clk 0:00:34]} f4
{[%clk 0:00:04]} 30. Bh3+ {[%clk 0:00:31]} Ke5 {[%clk 0:00:04]} 31. Ne7
{[%clk 0:00:32]} f3 {[%clk 0:00:05]} 32. Nxg6+ {[%clk 0:00:33]} Kd4
{[%clk 0:00:05]} 33. Nf4 {[%clk 0:00:33]} f2 {[%clk 0:00:05]} 34. g6
{[%clk 0:00:33]} Ne4 {[%clk 0:00:03]} 35. g7 {[%clk 0:00:32]} Nf6
{[%clk 0:00:04]} 36. Nxh5 {[%clk 0:00:29]} 1-0

[Event "Team Championship Russia (Blitz, Men)"]
[Site "Sochi"]
[Date "2018.10.10"]
[Round "10.4"]
[White "Indjic, Aleksandar"]
[Black "Gogolev, Artem"]
[Result "1-0"]
[BlackElo "2360"]
[WhiteElo "2606"]
[LiveChessVersion "1.4.8"]

1. d4 {[%clk 0:03:02]} Nf6 {[%clk 0:03:02]} 2. c4 {[%clk 0:03:02]} e6
{[%clk 0:03:02]} 3. Nc3 {[%clk 0:03:02]} Bb4 {[%clk 0:02:58]} 4. Qc2
{[%clk 0:03:02]} c5 {[%clk 0:02:51]} 5. dxc5 {[%clk 0:03:00]} O-O
{[%clk 0:02:49]} 6. a3 {[%clk 0:03:00]} Bxc5 {[%clk 0:02:50]} 7. Nf3
{[%clk 0:03:01]} b6 {[%clk 0:02:45]} 8. Bg5 {[%clk 0:03:01]} Be7 {[%clk 0:02:44]}
9. e4 {[%clk 0:02:58]} d6 {[%clk 0:02:18]} 10. O-O-O {[%clk 0:02:58]} Bb7
{[%clk 0:02:02]} 11. e5 {[%clk 0:02:56]} Ne8 {[%clk 0:02:02]} 12. h4
{[%clk 0:02:48]} d5 {[%clk 0:01:44]} 13. Rh3 {[%clk 0:02:32]} Nd7
{[%clk 0:01:28]} 14. Bd3 {[%clk 0:02:17]} g6 {[%clk 0:01:04]} 15. Bh6
{[%clk 0:01:45]} Ng7 {[%clk 0:01:05]} 16. h5 {[%clk 0:01:46]} Nxe5
{[%clk 0:01:00]} 17. Nxe5 {[%clk 0:01:34]} Bg5+ {[%clk 0:01:00]} 18. Bxg5
{[%clk 0:01:35]} Qxg5+ {[%clk 0:01:01]} 19. Re3 {[%clk 0:01:36]} d4
{[%clk 0:00:56]} 20. g3 {[%clk 0:00:19]} dxe3 {[%clk 0:00:55]} 21. f4
{[%clk 0:00:21]} Qxg3 {[%clk 0:00:51]} 22. Ne2 {[%clk 0:00:22]} Qh4
{[%clk 0:00:49]} 23. hxg6 {[%clk 0:00:23]} fxg6 {[%clk 0:00:48]} 24. Rg1
{[%clk 0:00:23]} Nf5 {[%clk 0:00:44]} 25. Qc3 {[%clk 0:00:18]} Qf6
{[%clk 0:00:42]} 26. Kb1 {[%clk 0:00:16]} Rad8 {[%clk 0:00:41]} 27. Bc2
{[%clk 0:00:15]} Rd2 {[%clk 0:00:40]} 28. Re1 {[%clk 0:00:16]} Rfd8
{[%clk 0:00:41]} 29. Ka2 {[%clk 0:00:17]} b5 {[%clk 0:00:29]} 30. Bxf5
{[%clk 0:00:17]} exf5 {[%clk 0:00:28]} 31. Qxe3 {[%clk 0:00:17]} bxc4
{[%clk 0:00:18]} 32. Qxa7 Bd5 {[%clk 0:00:18]} 33. Nc3 {[%clk 0:00:20]} Bf7
{[%clk 0:00:17]} 34. Ka1 {[%clk 0:00:21]} Rf8 {[%clk 0:00:11]} 35. Nd7
{[%clk 0:00:20]} Rxd7 {[%clk 0:00:09]} 36. Qxd7 {[%clk 0:00:21]} h5
{[%clk 0:00:09]} 37. Qc7 {[%clk 0:00:21]} h4 {[%clk 0:00:10]} 38. Qc5
{[%clk 0:00:21]} h3 {[%clk 0:00:09]} 39. Rh1 {[%clk 0:00:22]} Qh4
{[%clk 0:00:10]} 40. Qe3 {[%clk 0:00:23]} h2 {[%clk 0:00:10]} 41. Qd2
{[%clk 0:00:25]} Re8 {[%clk 0:00:10]} 42. Rxh2 {[%clk 0:00:24]} Re1+
{[%clk 0:00:10]} 43. Ka2 {[%clk 0:00:25]} Qg3 {[%clk 0:00:08]} 44. Qf2
{[%clk 0:00:14]} Qxf2 45. Rxf2 {[%clk 0:00:15]} Kg7 {[%clk 0:00:09]} 46. a4
{[%clk 0:00:16]} Kf6 {[%clk 0:00:09]} 47. Ka3 {[%clk 0:00:17]} g5
{[%clk 0:00:10]} 48. fxg5+ {[%clk 0:00:16]} Kxg5 {[%clk 0:00:11]} 49. a5
{[%clk 0:00:17]} f4 {[%clk 0:00:10]} 50. Ne2 {[%clk 0:00:17]} f3 {[%clk 0:00:07]}
51. Nd4 {[%clk 0:00:14]} Bd5 {[%clk 0:00:05]} 52. Nxf3+ {[%clk 0:00:15]} Bxf3
{[%clk 0:00:05]} 53. Rxf3 {[%clk 0:00:17]} Ra1+ {[%clk 0:00:04]} 54. Kb4
{[%clk 0:00:17]} Rb1 {[%clk 0:00:05]} 55. Rf2 {[%clk 0:00:19]} 1-0